| 000 | 00590nam a2200193 a 4500 | ||
|---|---|---|---|
| 005 | 20210223125556.0 | ||
| 008 | 050201s1976 mx r 000 0 spa d | ||
| 035 | _aUPN01000137190 | ||
| 049 | _aCG | ||
| 050 | 4 |
_aE840.8 K4 _bF7.2 |
|
| 100 | 1 | _aFreed, Donald | |
| 245 | 1 | 3 |
_aEl asesinato de Bob Kennedy / _cDonald Freed ; tr. Aníbal Leal. |
| 260 |
_aBuenos Aires : _bOrión, _c1976. |
||
| 300 | _a244 p. | ||
| 440 | 0 |
_aS.O.S. _pTestimonios del siglo XX |
|
| 534 |
_pTraducción de: _tThe killing of RFK |
||
| 600 | 1 | 4 |
_aKENNEDY, ROBERT F., _d1925-1968 - _xASESINATO _98506 |
| 905 | _aLibro | ||
| 999 |
_c109341 _d109341 |
||